[Event "Titled Tuesday intern op 01st Apr Early"]
[Site "Chess.com INT"]
[Date "2025.04.01"]
[Round "5"]
[White "Baradaran Tamadon, Arian"]
[Black "Gongora Montes, Benjamin"]
[Result "1/2-1/2"]
[WhiteElo "2308"]
[BlackElo "2109"]
[PlyCount "192"]
[EventDate "2025.04.01"]
[EventType "swiss (blitz)"]
[EventRounds "11"]
[EventCountry "USA"]
[SourceTitle "CB15_2025"]
[SourceDate "2025.04.09"]
[SourceVersion "1"]
[SourceVersionDate "2025.04.09"]
[SourceQuality "1"]

1. b4 e5 2. Bb2 d6 3. e3 Nf6 4. Nf3 Be7 5. c4 0-0 6. Nc3 c6 7. a3 Re8 8. Qc2 Bg4 9. h3 Bh5 10. g4 Bg6 11. Bd3 a5 12. Bxg6 hxg6 13. 0-0 axb4 14. axb4 Rxa1 15. Rxa1 Na6 16. b5 Nc5 17. d4 exd4 18. exd4 Ne6 19. bxc6 bxc6 20. Ne2 d5 21. Ra6 Qc8 22. Qa4 Nd8 23. Ne5 Bd6 24. Ng3 dxc4 25. Qxc4 Bxe5 26. dxe5 Nd5 27. Bd4 Nf4 28. Kh2 c5 29. Be3 Nfe6 30. Ne4 Re7 31. Nd6 Qb8 32. Qd5 Ra7 33. Rxa7 Qxa7 34. Ne4 Qa3 35. Nxc5 Qa5 36. Qc4 Qc7 37. Qd5 Qa5 38. Qd6 Qb4 39. Nxe6 Qxd6 40. exd6 Nxe6 41. Bb6 Nf8 42. Bc7 Nd7 43. Bd8 f6 44. Kg3 Kf7 45. Ba5 Ke6 46. Bb4 Ne5 47. h4 Nf7 48. h5 gxh5 49. gxh5 Nxd6 50. Kg4 Nf7 51. Bf8 Nh6+ 52. Kf4 Nf5 53. f3 g5+ 54. hxg6 Nh4 55. g7 Kf7 56. Kg4 Ng6 57. Kf5 Nh4+ 58. Ke4 Ng6 59. Kd5 Nxf8 60. gxf8Q+ Kxf8 61. Ke6 Kg7 62. Ke7 f5 63. Ke6 Kg6 64. f4 Kg7 65. Kxf5 Kf7 66. Ke5 Ke7 67. Kf5 Kf7 68. Kg5 Kg7 69. Kg4 Kg6 70. Kf3 Kf5 71. Ke3 Kf6 72. Kf3 Kf5 73. Kg3 Kf6 74. Kg4 Kg6 75. f5+ Kf6 76. Kf4 Kf7 77. Kg5 Kg7 78. Kf4 Kf6 79. Ke4 Kf7 80. Ke5 Ke7 81. f6+ Kf7 82. Kf5 Kf8 83. Ke6 Ke8 84. Kf5 Kf7 85. Kg5 Kf8 86. Kg4 Kf7 87. Kf5 Kf8 88. Kg6 Kg8 89. Kh6 Kf7 90. Kg5 Kf8 91. Kf5 Kf7 92. Ke5 Kf8 93. Ke6 Ke8 94. Kd6 Kf7 95. Ke5 Kf8 96. Kf5 Kf7 1/2-1/2

[Event "Titled Tuesday intern op 01st Apr Early"]
[Site "Chess.com INT"]
[Date "2025.04.01"]
[Round "7"]
[White "Gongora Montes, Benjamin"]
[Black "Ternault, Mathieu"]
[Result "0-1"]
[WhiteElo "2109"]
[BlackElo "2301"]
[PlyCount "80"]
[EventDate "2025.04.01"]
[EventType "swiss (blitz)"]
[EventRounds "11"]
[EventCountry "USA"]
[SourceTitle "CB15_2025"]
[SourceDate "2025.04.09"]
[SourceVersion "1"]
[SourceVersionDate "2025.04.09"]
[SourceQuality "1"]

1. d4 e6 2. Nf3 Nf6 3. c4 Bb4+ 4. Bd2 c5 5. dxc5 Bxc5 6. Nc3 Nc6 7. g3 Ng4 8. e3 0-0 9. Bg2 f5 10. 0-0 a6 11. h3 Nge5 12. Qe2 Rb8 13. Nxe5 Nxe5 14. e4 Nc6 15. exf5 Nd4 16. Qd3 Nxf5 17. Bf4 d6 18. Ne4 g5 19. Bxg5 Qb6 20. Nxc5 Qxc5 21. b3 b5 22. cxb5 axb5 23. Rac1 Qa7 24. g4 Nd4 25. Be3 e5 26. Bd5+ Kh8 27. Bh6 Rf6 28. Bg5 Rg6 29. Qe3 Qg7 30. Bh4 h5 31. f3 Be6 32. Be4 Nf5 33. Bxf5 Bxf5 34. Rfd1 hxg4 35. fxg4 Bxg4 36. hxg4 Rxg4+ 37. Kf1 Rxh4 38. Ke2 Rf8 39. Rh1 Qg2+ 40. Kd3 Rxh1 0-1

[Event "Titled Tuesday intern op 01st Apr Early"]
[Site "Chess.com INT"]
[Date "2025.04.01"]
[Round "6"]
[White "Williams, Simon Kim"]
[Black "Gongora Montes, Benjamin"]
[Result "1-0"]
[WhiteElo "2446"]
[BlackElo "2109"]
[PlyCount "51"]
[EventDate "2025.04.01"]
[EventType "swiss (blitz)"]
[EventRounds "11"]
[EventCountry "USA"]
[SourceTitle "CB15_2025"]
[SourceDate "2025.04.09"]
[SourceVersion "1"]
[SourceVersionDate "2025.04.09"]
[SourceQuality "1"]

1. f4 d5 2. Nf3 Nf6 3. e3 g6 4. Be2 Bg7 5. d3 0-0 6. d4 c5 7. Ne5 Nfd7 8. Nc3 Nf6 9. Bf3 e6 10. h4 Nc6 11. h5 cxd4 12. exd4 Qb6 13. Ne2 Ne4 14. c3 Nxe5 15. fxe5 Bd7 16. Bxe4 dxe4 17. Ng3 Bc6 18. Qg4 Qb5 19. Nxe4 Qd3 20. Nf6+ Bxf6 21. exf6 e5 22. hxg6 fxg6 23. Rh3 Qb5 24. Qe6+ Kh8 25. Rxh7+ Kxh7 26. Qe7+ 1-0

[Event "Titled Tuesday intern op 25th Mar Early"]
[Site "Chess.com INT"]
[Date "2025.03.25"]
[Round "2"]
[White "Gongora Montes, Benjamin"]
[Black "Rosen, Eric S"]
[Result "0-1"]
[WhiteElo "2109"]
[BlackElo "2377"]
[PlyCount "38"]
[EventDate "2025.03.25"]
[EventType "swiss (blitz)"]
[EventRounds "11"]
[EventCountry "USA"]
[SourceTitle "CB14_2025"]
[SourceDate "2024.11.01"]
[SourceVersion "1"]
[SourceVersionDate "2024.11.01"]
[SourceQuality "1"]

1. d4 d5 2. c4 e6 3. Nf3 Nf6 4. g3 dxc4 5. Ne5 Qd5 6. f3 Bb4+ 7. Nc3 c5 8. Qa4+ Bd7 9. Nxd7 Nbxd7 10. dxc5 Qxc5 11. Bd2 0-0 12. a3 Ba5 13. e4 Ne5 14. Be2 a6 15. f4 Neg4 16. Qxc4 Qf2+ 17. Kd1 Rfd8 18. Kc2 Rac8 19. Qa4 Bxc3 0-1

[Event "San Jose 1000 GM Labor Day op"]
[Site "San Jose"]
[Date "2024.09.03"]
[Round "9"]
[White "Schitco, Ivan"]
[Black "Gongora Montes, Benjamin"]
[Result "1-0"]
[WhiteElo "2518"]
[BlackElo "2111"]
[PlyCount "117"]
[EventDate "2024.08.30"]
[EventType "swiss"]
[EventRounds "9"]
[EventCountry "USA"]
[SourceTitle "EXT 2025"]
[Source "ChessBase"]
[SourceDate "2024.10.14"]
[SourceVersion "1"]
[SourceVersionDate "2024.10.14"]
[SourceQuality "1"]

1. e4 e5 2. Nf3 Nc6 3. Bb5 a6 4. Ba4 Nf6 5. 0-0 Be7 6. Bxc6 dxc6 7. d3 Nd7 8. Nbd2 f6 9. Nc4 Nc5 10. Ne3 Ne6 11. Nf5 Bf8 12. Be3 g6 13. Ng3 c5 14. c3 Bd7 15. Qb3 Bd6 16. Rfd1 0-0 17. d4 cxd4 18. cxd4 Kh8 19. dxe5 fxe5 20. Qxb7 Rb8 21. Qxa6 Rxb2 22. Rxd6 cxd6 23. Qxd6 Rb5 24. a4 Rb3 25. Qxe5+ Qf6 26. Qxf6+ Rxf6 27. a5 Rf8 28. Nd4 Nxd4 29. Bxd4+ Kg8 30. a6 Bc6 31. a7 Kf7 32. Rc1 Ba8 33. Rc7+ Ke6 34. h4 Rb1+ 35. Kh2 Rb7 36. Rc3 Kd7 37. Rf3 Rxf3 38. gxf3 Rb3 39. Be3 Ra3 40. Ne2 Ra1 41. Nf4 Ra3 42. Nh3 Ra1 43. Ng5 h5 44. Nf7 Ra5 45. Kg3 Ke7 46. Nh8 Ra6 47. Bc5+ Ke8 48. Kf4 Rc6 49. Bd4 Rd6 50. Be3 Rf6+ 51. Kg5 Rxf3 52. Nxg6 Bxe4 53. Nf4 Kf7 54. Kxh5 Kf6 55. Kg4 Bc6 56. h5 Bb7 57. h6 Kf7 58. h7 Kg7 59. Ne6+ 1-0

[Event "Carlos Torre Memorial op 33rd"]
[Site "Merida"]
[Date "2023.12.17"]
[Round "5"]
[White "Gongora Montes, Benjamin"]
[Black "Sarmiento Torres, Mauro"]
[Result "1-0"]
[WhiteElo "2167"]
[BlackElo "1713"]
[PlyCount "149"]
[EventDate "2023.12.15"]
[EventType "swiss"]
[EventRounds "9"]
[EventCountry "MEX"]
[SourceTitle "CBM 217 Extra"]
[Source "ChessBase"]
[SourceDate "2024.01.31"]
[SourceVersion "1"]
[SourceVersionDate "2024.01.31"]
[SourceQuality "1"]

1. e4 c5 2. Nf3 Nc6 3. Nc3 a6 4. a4 g6 5. h4 h5 6. Bc4 Bg7 7. d3 d6 8. Ng5 Nh6 9. Bf4 Nd4 10. Qd2 b6 11. 0-0 f6 12. Nf3 Nxf3+ 13. gxf3 e5 14. Bg3 Nf7 15. f4 Bh6 16. Bxf7+ Kxf7 17. Nd5 Be6 18. Qe3 Bxd5 19. exd5 Qd7 20. fxe5 dxe5 21. Qf3 Qg4 22. Qxg4 hxg4 23. Rfe1 Rad8 24. c4 a5 25. Kg2 Rde8 26. Re2 Bf8 27. Ra3 Bd6 28. Rb3 Rb8 29. f3 gxf3+ 30. Kxf3 Rhe8 31. Rb5 f5 32. Be1 Rh8 33. Rg2 Be7 34. Re2 Bd6 35. Rg2 Be7 36. Re2 Bf6 37. Bg3 Rhe8 38. Rb3 Kg7 39. Ra3 f4 40. Bf2 Rh8 41. Kg4 Rh5 42. Rb3 Be7 43. Rb5 Kf7 44. Be1 Bd6 45. Bd2 Rf5 46. Rb3 Kf6 47. Be1 Ke7 48. Rh2 Kd7 49. Rc3 Re8 50. Kf3 Rh8 51. Rg2 Rh6 52. Ke4 f3 53. Rh2 Rf4+ 54. Ke3 Rf7 55. Rf2 Rxh4 56. Rxf3 Rxf3+ 57. Kxf3 Rh2 58. Bf2 Be7 59. Rc1 Bh4 60. Bxh4 Rxh4 61. Rg1 Rf4+ 62. Ke3 Rf6 63. Rg5 Kd6 64. b3 Kd7 65. Rxe5 Rf1 66. Rg5 Rb1 67. Rxg6 Rxb3 68. Ke4 Ra3 69. Rxb6 Rxa4 70. Rc6 Ra1 71. Rxc5 a4 72. Ra5 a3 73. Ra7+ Kc8 74. d6 a2 75. Kd5 1-0

[Event "Carlos Torre Memorial op 33rd"]
[Site "Merida"]
[Date "2023.12.16"]
[Round "4"]
[White "Albornoz Cabrera, Carlos Daniel"]
[Black "Gongora Montes, Benjamin"]
[Result "1-0"]
[WhiteElo "2599"]
[BlackElo "2167"]
[PlyCount "75"]
[EventDate "2023.12.15"]
[EventType "swiss"]
[EventRounds "9"]
[EventCountry "MEX"]
[SourceTitle "CBM 217 Extra"]
[Source "ChessBase"]
[SourceDate "2024.01.31"]
[SourceVersion "1"]
[SourceVersionDate "2024.01.31"]
[SourceQuality "1"]

1. e4 e5 2. Nf3 Nc6 3. Bb5 a6 4. Ba4 Nf6 5. 0-0 b5 6. Bb3 Bc5 7. a4 Rb8 8. c3 d6 9. d4 Bb6 10. a5 Ba7 11. h3 0-0 12. Be3 exd4 13. cxd4 Nxe4 14. Bd5 Qe8 15. Re1 Nb4 16. Bxe4 Qxe4 17. Bd2 Qg6 18. Bxb4 Bb7 19. Ra3 c5 20. Bd2 b4 21. Rae3 cxd4 22. Re7 Bc5 23. Bf4 Qf6 24. Bg3 Bxf3 25. Qxf3 Qxf3 26. gxf3 Rb5 27. Nd2 Rxa5 28. Nc4 Ra2 29. Rd7 a5 30. Bxd6 Bxd6 31. Rxd6 g6 32. Rxd4 Rc8 33. Kg2 Rc5 34. f4 a4 35. Re5 Rc6 36. Rb5 b3 37. Rb7 Rc5 38. Ne5 1-0

[Event "Sunnyvale 1000 GM Thanksgiving IM1"]
[Site "Sunnyvale"]
[Date "2023.11.25"]
[Round "6"]
[White "Gongora Montes, Benjamin"]
[Black "Sun, Kevin"]
[Result "1-0"]
[WhiteElo "2201"]
[BlackElo "2033"]
[PlyCount "69"]
[EventDate "2023.11.22"]
[EventType "schev"]
[EventRounds "9"]
[EventCountry "USA"]
[SourceTitle "CBM 217 Extra"]
[Source "ChessBase"]
[SourceDate "2024.01.31"]
[SourceVersion "1"]
[SourceVersionDate "2024.01.31"]
[SourceQuality "1"]

1. d4 Nf6 2. Nf3 d5 3. Bg5 c6 4. Nbd2 Bf5 5. e3 e6 6. Be2 Nbd7 7. Ne5 Be7 8. g4 Bg6 9. h4 h6 10. Nxg6 fxg6 11. Bf4 Nf8 12. Bd3 Bd6 13. Bxd6 Qxd6 14. f4 0-0-0 15. Qe2 Kb8 16. c3 c5 17. Kf2 N8d7 18. Bxg6 Rhf8 19. Kg2 Ng8 20. Nf3 e5 21. f5 Ne7 22. h5 Nxg6 23. hxg6 exd4 24. cxd4 Nf6 25. Ne5 Rde8 26. Rac1 cxd4 27. exd4 Qb4 28. Rhd1 Qd6 29. Rc2 Re7 30. Rdc1 Rfe8 31. Qf3 Nd7 32. Nf7 Qb4 33. Qf4+ Ne5 34. Nxe5 Rxe5 35. Rc8+ 1-0

[Event "Sunnyvale 1000 GM Schev-B 09"]
[Site "Sunnyvale"]
[Date "2023.09.17"]
[Round "3"]
[White "Gongora Montes, Benjamin"]
[Black "Wu, Jayden"]
[Result "1/2-1/2"]
[WhiteElo "2185"]
[BlackElo "1986"]
[PlyCount "136"]
[EventDate "2023.09.16"]
[EventType "schev"]
[EventRounds "5"]
[EventCountry "USA"]
[SourceTitle "CBM 216 Extra"]
[Source "ChessBase"]
[SourceDate "2023.11.30"]
[SourceVersion "1"]
[SourceVersionDate "2023.11.30"]
[SourceQuality "1"]

1. e4 c5 2. Nc3 Nc6 3. Bb5 Nd4 4. Bc4 g6 5. h4 h5 6. Nf3 Bg7 7. d3 d6 8. Ng5 e6 9. a4 Ne7 10. Ba2 Nec6 11. Be3 b6 12. Qd2 Nb4 13. Bb1 Bb7 14. Nd1 Na6 15. Ba2 d5 16. 0-0 dxe4 17. dxe4 Nc6 18. c3 Qxd2 19. Bxd2 Rd8 20. Bf4 Ne5 21. Bg3 Nd3 22. Bc4 Ne5 23. Bb5+ Ke7 24. Ne3 Nb8 25. f4 Ng4 26. Nxg4 hxg4 27. f5 gxf5 28. exf5 Rd2 29. Rf2 Rxf2 30. Kxf2 a6 31. Bc4 Nd7 32. fxe6 fxe6 33. Bxe6 Ne5 34. Bxe5 Bxe5 35. Re1 Rf8+ 36. Kg1 Bg3 37. Re2 Kd6 38. Bxg4 Bxh4 39. Re6+ Kc7 40. Re7+ Kb8 41. Rf7 Rxf7 42. Nxf7 Bc6 43. Bd1 b5 44. axb5 Bxb5 45. g4 Bf6 46. g5 Bg7 47. Kf2 a5 48. Nd6 Bd7 49. Nc4 a4 50. Nb6 Kc7 51. Nxa4 Bxa4 52. Bxa4 Kd6 53. Ke3 Ke5 54. Bc2 c4 55. Bh7 Bf8 56. Bg8 Kf5 57. Bxc4 Kxg5 58. Ke4 Kf6 59. Be2 Ke6 60. b4 Kd6 61. Kd4 Kc6 62. Kc4 Kb6 63. Kd5 Be7 64. Bf1 Bf8 65. Ke6 Bg7 66. c4 Bf8 67. b5 Bc5 68. Kd5 Bf2 1/2-1/2

[Event "Sunnyvale 1000 GM Schev-B 09"]
[Site "Sunnyvale"]
[Date "2023.09.17"]
[Round "5"]
[White "Talwalkar, Vedant"]
[Black "Gongora Montes, Benjamin"]
[Result "1/2-1/2"]
[WhiteElo "2058"]
[BlackElo "2185"]
[PlyCount "75"]
[EventDate "2023.09.16"]
[EventType "schev"]
[EventRounds "5"]
[EventCountry "USA"]
[SourceTitle "CBM 216 Extra"]
[Source "ChessBase"]
[SourceDate "2023.11.30"]
[SourceVersion "1"]
[SourceVersionDate "2023.11.30"]
[SourceQuality "1"]

1. e4 e6 2. d4 d5 3. Nd2 dxe4 4. Nxe4 Nf6 5. Bd3 Nbd7 6. Nf3 b6 7. c3 Bb7 8. Ng3 c5 9. 0-0 cxd4 10. Nxd4 Bc5 11. b4 Bxd4 12. cxd4 0-0 13. Be3 Qe7 14. Qd2 Qd6 15. Be2 Nd5 16. Bf3 N7f6 17. Bg5 Rab8 18. a3 h6 19. Be3 Rfc8 20. Rac1 Ba6 21. Rfe1 Bc4 22. Rc2 Bb3 23. Rxc8+ Rxc8 24. Rc1 Rc6 25. Qb2 Ba4 26. Ne2 Rxc1+ 27. Qxc1 Bc6 28. Nf4 Ne7 29. Bxc6 Qxc6 30. Qxc6 Nxc6 31. Kf1 Kf8 32. Ke2 Ke7 33. Kd3 b5 34. Kc2 Kd6 35. Ne2 Nd5 36. Bd2 h5 37. Kd3 Nce7 38. Ng3 1/2-1/2

[Event "Carlos Torre Memorial op 32nd"]
[Site "Merida"]
[Date "2022.12.20"]
[Round "7"]
[White "Gongora Montes, Benjamin"]
[Black "Guevara Sanchez, Erick Marvin"]
[Result "0-1"]
[WhiteElo "2209"]
[BlackElo "2086"]
[PlyCount "107"]
[EventDate "2022.12.16"]
[EventType "swiss"]
[EventRounds "9"]
[EventCountry "MEX"]
[SourceTitle "CBM 212 Extra"]
[Source "ChessBase"]
[SourceDate "2023.03.31"]
[SourceVersion "1"]
[SourceVersionDate "2023.03.31"]
[SourceQuality "1"]

1. d4 e6 2. c4 f5 3. g3 d5 4. Bg2 Nf6 5. Nf3 c6 6. 0-0 Bd6 7. b3 Qe7 8. Qc2 0-0 9. Nbd2 Nbd7 10. Bb2 Ne4 11. Ne5 Nxe5 12. dxe5 Bc5 13. Nf3 b6 14. Ne1 Bb7 15. Nd3 Ba3 16. Bxa3 Qxa3 17. f3 Nc5 18. Nf4 a5 19. Rab1 Rac8 20. cxd5 cxd5 21. Qd2 Qb4 22. Rfd1 Qxd2 23. Rxd2 Kf7 24. b4 axb4 25. Rxb4 Nd7 26. e4 fxe4 27. fxe4 Rc1+ 28. Kf2 Ke7 29. h4 d4 30. Bf3 Rc6 31. Rbxd4 Nxe5 32. Bd1 Rc7 33. Bb3 Ng6 34. Ke3 Rc3+ 35. R4d3 Rxd3+ 36. Nxd3 Ba6 37. h5 Nh8 38. Ne5 Bb5 39. Rc2 Kd6 40. Nf3 Bd7 41. e5+ Ke7 42. Rc7 Nf7 43. Ba4 Rd8 44. Rb7 Ke8 45. Bxd7+ Rxd7 46. Rxb6 Ra7 47. Rxe6+ Kf8 48. Rb6 Rxa2 49. e6 Nd8 50. Nd4 Ra1 51. Ke4 g6 52. h6 Ke8 53. Ke5 Ke7 54. Rb7+ 0-1

[Event "Carlos Torre Memorial op 32nd"]
[Site "Merida"]
[Date "2022.12.16"]
[Round "1"]
[White "Gongora Montes, Benjamin"]
[Black "Almeida Quintana, Omar"]
[Result "0-1"]
[WhiteElo "2209"]
[BlackElo "2534"]
[PlyCount "91"]
[EventDate "2022.12.16"]
[EventType "swiss"]
[EventRounds "9"]
[EventCountry "MEX"]
[SourceTitle "CBM 212 Extra"]
[Source "ChessBase"]
[SourceDate "2023.03.31"]
[SourceVersion "1"]
[SourceVersionDate "2023.03.31"]
[SourceQuality "1"]

1. d4 g6 2. h4 Nf6 3. Nc3 c5 4. d5 d6 5. e4 Bg7 6. Be2 h6 7. h5 g5 8. f4 Qa5 9. e5 Ne4 10. Bd2 Nxd2 11. Qxd2 gxf4 12. Bb5+ Bd7 13. Bxd7+ Nxd7 14. exd6 exd6 15. Nge2 Be5 16. Rh3 0-0-0 17. 0-0-0 Rdg8 18. Nxf4 Rg4 19. Rf3 Nb6 20. Kb1 Nc4 21. Qc1 Nxb2 22. Qxb2 Rxf4 23. Rxf4 Bxf4 24. Ne4 Re8 25. Nf2 c4 26. c3 Be5 27. Ne4 f5 28. Nd2 Qxd5 29. Qc2 Bf6 30. Nf3 Qb5+ 31. Ka1 Re3 32. Nd4 Bxd4 33. Rxd4 Re1+ 34. Rd1 Rxd1+ 35. Qxd1 Qe5 36. Kb2 Kc7 37. Qf3 f4 38. Qg4 b5 39. Qg8 Qe2+ 40. Ka3 Qxh5 41. Qh7+ Kb6 42. Qg8 Qc5+ 43. Kb2 Ka5 44. Qe6 Qf2+ 45. Ka3 Qd2 46. Qxc4 0-1

[Event "Mexican op 67th"]
[Site "Chihuahua City"]
[Date "2022.04.15"]
[Round "6"]
[White "Jorajuria Mendoza, Algol"]
[Black "Gongora Montes, Benjamin"]
[Result "1/2-1/2"]
[WhiteElo "2087"]
[BlackElo "2147"]
[PlyCount "144"]
[EventDate "2022.04.12"]
[EventType "swiss"]
[EventRounds "9"]
[EventCountry "MEX"]
[SourceTitle "CBM 207 Extra"]
[Source "ChessBase"]
[SourceDate "2022.05.31"]
[SourceVersion "1"]
[SourceVersionDate "2022.05.31"]
[SourceQuality "1"]

1. e4 e5 2. Nf3 Nc6 3. Bb5 a6 4. Ba4 Nf6 5. 0-0 Be7 6. Re1 b5 7. Bb3 0-0 8. a4 Rb8 9. axb5 axb5 10. c3 d6 11. d4 exd4 12. cxd4 Bg4 13. Nc3 Qd7 14. d5 Nb4 15. h3 Bh5 16. Qd4 c5 17. dxc6 Nxc6 18. Qd3 Rfe8 19. Nd4 Nxd4 20. Qxd4 Bd8 21. Bf4 Rb6 22. Nd5 Nxd5 23. Qxd5 Bg6 24. e5 Bf5 25. exd6 Rxe1+ 26. Rxe1 Be6 27. Qe4 g5 28. Bxe6 Qxe6 29. Qxe6 fxe6 30. Bg3 Kf7 31. Ra1 Rb7 32. Rc1 Ke8 33. Rc5 Kd7 34. Be5 Bb6 35. Rc3 b4 36. Rc4 Ba5 37. Rg4 Bd8 38. h4 Rb5 39. Re4 gxh4 40. f4 Bb6+ 41. Kh2 Bc5 42. Kh3 Bxd6 43. Kxh4 Bxe5 44. fxe5 Kc6 45. Kg5 Kd5 46. Re2 Rb8 47. Kf6 Rf8+ 48. Kg7 Rf5 49. Kxh7 Rxe5 50. Rd2+ Ke4 51. Kg6 Rc5 52. Rd6 e5 53. Rb6 Kd3 54. Rxb4 e4 55. Rb6 e3 56. Rd6+ Ke4 57. Rd1 Rc2 58. g4 Rg2 59. g5 Rxb2 60. Re1 Kf3 61. Kf7 Rb7+ 62. Kf6 Rb6+ 63. Kf7 Kf2 64. Rxe3 Kxe3 65. g6 Kf4 66. g7 Rb7+ 67. Kf6 Rb8 68. Kf7 Kf5 69. g8Q Rb7+ 70. Kf8 Rb8+ 71. Kg7 Rxg8+ 72. Kxg8 Ke4 1/2-1/2

[Event "Mexican op 67th"]
[Site "Chihuahua City"]
[Date "2022.04.14"]
[Round "5"]
[White "Diaz Rosas, Julio Cesar"]
[Black "Gongora Montes, Benjamin"]
[Result "1-0"]
[WhiteElo "2360"]
[BlackElo "2147"]
[PlyCount "71"]
[EventDate "2022.04.12"]
[EventType "swiss"]
[EventRounds "9"]
[EventCountry "MEX"]
[SourceTitle "CBM 207 Extra"]
[Source "ChessBase"]
[SourceDate "2022.05.31"]
[SourceVersion "1"]
[SourceVersionDate "2022.05.31"]
[SourceQuality "1"]

1. e4 e5 2. Nf3 Nc6 3. Bc4 Nf6 4. d3 h6 5. h3 d6 6. a4 g6 7. a5 Bg7 8. a6 bxa6 9. Bxa6 0-0 10. 0-0 Nh5 11. Nc3 Bxa6 12. Rxa6 Nb4 13. Ra3 c6 14. Be3 Nf4 15. Bxf4 exf4 16. Ne2 d5 17. e5 c5 18. Nxf4 Nc6 19. Re1 Re8 20. d4 cxd4 21. Nxd4 Nxe5 22. Rae3 Qd7 23. b3 a5 24. c3 Kf8 25. Nf3 Nxf3+ 26. Qxf3 Rxe3 27. Rxe3 Kg8 28. Nxd5 Rf8 29. c4 Qd6 30. g3 h5 31. Kg2 Bd4 32. Rd3 Bg7 33. Qe4 Qc5 34. g4 hxg4 35. hxg4 Rb8 36. Ne7+ 1-0